Top 10 des pays les plus grands d'Amérique du Sud - Statistiques

Statistiques générales
  • Ce quiz a été pris 211 fois
  • Le résultat moyen est 9 sur 10
Statistiques - réponses
Rang Pays % Correct
1- Brésil
100%
2- Argentine
99%
7- Chili
95%
4- Colombie
89%
3- Pérou
87%
6- Venezuela
85%
5- Bolivie
82%
8- Paraguay
82%
9- Équateur
80%
10- Guyana
67%
Aucun quiz correspondant
Distribution des résultats
% des personnes avec chaque résultat
Percentile par nombre de réponses
Votre historique - résultats
Vous n’avez pas pris ce quiz